书目信息 |
| 题名: |
口译技巧
|
|
| 作者: | 赛莱丝科维奇 , Seleskovitch 著 ;孙慧双 译 | |
| 分册: | ||
| 出版信息: | 北京 北京出版社 1979 |
|
| 页数: | 172页 | |
| 开本: | 19cm | |
| 丛书名: | ||
| 单 册: | ||
| 中图分类: | H059 | |
| 科图分类: | ||
| 主题词: | 口译--方法 | |
| 电子资源: | ||
| ISBN: | ||
| 000 | 00947nam0 2200289 45 | |
| 001 | 0179001004 | |
| 005 | 20060817084247.15 | |
| 010 | @dCNY0.45 | |
| 091 | @aCN@b9017.42 | |
| 100 | @a19950717d1979 em y0chiy0121 ea | |
| 101 | 1 | @achi@cfre |
| 102 | @aCN@b110000 | |
| 105 | @ay z 000yy | |
| 200 | 10 | @a口译技巧@Akou yi ji qiao@f(法)赛莱丝科维奇(D.Seleskovitch)著@g孙慧双译 |
| 210 | @a北京@c北京出版社@d1979 | |
| 215 | @a172页@d19cm | |
| 300 | @a本书原名:国际会议上的口译人员 | |
| 300 | @a书名原文:l'interprete dans les conferences internationales | |
| 510 | 1 | @al'interprete dans les conferences internationales@zfre |
| 517 | 1 | @a国际会议上的口译人员@Aguo ji hui yi shang de kou yi ren yuan |
| 606 | @a口译@x方法 | |
| 690 | @aH059@v3 | |
| 701 | 1 | @a赛莱丝科维奇@Asai lai si ke wei qi@bD.@4著 |
| 701 | A1 | @aSeleskovitch@bD.@4著 |
| 702 | 0 | @a孙慧双@Asun hui shuang@4译 |
| 801 | 0 | @aCN@bTSSF@c20060817 |
| 905 | @a10447@dH059@e104 | |
| 口译技巧/(法)赛莱丝科维奇(D.Seleskovitch)著/孙慧双译.-北京:北京出版社,1979 |
| 172页;19cm |
| 本书原名:国际会议上的口译人员.-书名原文:l'interprete dans les conferences internationales |
| ISBN :CNY0.45 |
| ● |
| 相关链接 |
|
|
|
|
正题名:口译技巧
索取号:H059/104
 
预约/预借
| 序号 | 登录号 | 条形码 | 馆藏地/架位号 | 状态 | 备注 |
| 1 | 0436813 | 204368139 | 密集书库/ [索取号:H059/104] | 在馆 | |
| 2 | 0436814 | 204368148 | 密集书库/ [索取号:H059/104] | 在馆 | |
| 3 | 0466029 | 204660296 | 密集书库/ [索取号:H059/104] | 在馆 |